[Event "Challenge"]
[Site "http://www.queenalice.com/game.php?id=492470"]
[Date "2008.11.13"]
[Round "-"]
[White "Erlend_Oye"]
[Black "juan_francisco"]
[Result "1-0"]
[WhiteElo "1784"]
[BlackElo "1469"]

1. e4 e5 2. Nf3 Qf6 3. Nc3 Bc5 4. Nd5 Qd6 5. a3 c6 6. Nc3 Nf6 7. h3 Na6 8. b4
Bb6 9. Bc4 c5 10. bxc5 Qxc5 11. Qe2 d6 12. O-O Be6 13. Bxe6 fxe6 14. Bb2 d5 15.
exd5 Nxd5 16. Nxe5 Nxc3 17. Bxc3 O-O-O 18. Nf7 Ba5 19. Nxh8 Bxc3 20. dxc3 Rxh8
21. Qxe6+ Kc7 22. Rfd1 Rd8 23. Rxd8 Kxd8 24. Rd1+ Kc7 25. Rd7+ Kc8 26. Qe8# 1-0

[Event "Challenge"]
[Site "http://www.queenalice.com/game.php?id=492539"]
[Date "2008.11.13"]
[Round "-"]
[White "Erlend_Oye"]
[Black "edhamme"]
[Result "1-0"]
[WhiteElo "1770"]
[BlackElo "1565"]

1. e4 e5 2. Nf3 Nc6 3. Nc3 Nf6 4. a3 Bc5 5. h3 O-O 6. Bc4 d5 7. exd5 e4 8. dxc6
exf3 9. cxb7 Bxb7 10. gxf3 Re8+ 11. Ne4 Nxe4 12. fxe4 Rxe4+ 13. Be2 Qg5 14. d3
Qg2 15. Rf1 Re6 16. d4 Rd8 17. Be3 Qxh3 18. Bg4 Rxe3+ 19. fxe3 Qxe3+ 20. Be2
Rxd4 21. Qc1 Qg3+ 22. Rf2 Rd8 23. Qf4 Qg6 24. Rf1 Qe6 25. Qxc7 Qe7 26. Qxe7 Bxe7
27. Bd3 Bh4+ 28. Kd1 Bg5 29. a4 Bc8 30. Rg1 Bf6 31. Kc1 a5 32. Rb1 Bd4 33. Rg3
Be5 34. Rg2 g6 35. b4 Bb7 36. Rf2 Rd4 37. bxa5 Bd5 38. Bb5 Bf4+ 39. Kb2 Rb4+ 40.
Ka3 Rxb1 41. Rxf4 Ba8 42. c4 Rc1 43. Rd4 Kg7 44. Rd8 Bb7 45. a6 Bf3 46. a7 h5
47. a8=Q Bxa8 48. Rxa8 h4 49. Kb4 h3 50. Bc6 h2 51. a5 Rb1+ 52. Kc5 h1=Q 53.
Bxh1 Rxh1 54. a6 g5 55. a7 g4 56. Rg8+ Kxg8 57. a8=Q+ Kg7 58. Qxh1 Kg6 59. Kd5
Kg5 60. c5 g3 61. c6 f5 62. c7 1-0

[Event "Challenge"]
[Site "http://www.queenalice.com/game.php?id=492605"]
[Date "2008.11.13"]
[Round "-"]
[White "Erlend_Oye"]
[Black "Bixu"]
[Result "0-1"]
[WhiteElo "1807"]
[BlackElo "1718"]

1. e4 e5 2. Nf3 Nc6 3. Nc3 Nf6 4. a3 h6 5. Bc4 Bc5 6. h3 O-O 7. d3 d6 8. Na4 b5
9. Bxb5 Nd4 10. Nxc5 dxc5 11. Bc4 Nxf3+ 12. Qxf3 Kh7 13. Be3 g5 14. Bxc5 g4 15.
Qe3 Rg8 16. Bxf7 Rg7 17. Bc4 gxh3 18. gxh3 a5 19. f4 exf4 20. Qxf4 Nd7 21. Qf5+
Rg6 22. Rg1 Nf8 23. Bxf8 Bxf5 0-1

[Event "Torneio da Carolina do Sul"]
[Site "http://www.queenalice.com/game.php?id=492623"]
[Date "2008.11.13"]
[Round "-"]
[White "Erlend_Oye"]
[Black "lafasouza"]
[Result "1-0"]
[WhiteElo "1780"]
[BlackElo "1713"]

1. e4 e5 2. Nf3 d6 3. h3 Nc6 4. Nc3 h6 5. a3 Nf6 6. Bc4 Nd4 7. Nxd4 exd4 8. Ne2
Nxe4 9. Nxd4 Qf6 10. Nf3 Qe7 11. Be2 Bf5 12. d3 Nf6 13. Bd2 g5 14. g4 Bd7 15.
Bc3 O-O-O 16. Qd2 Bc6 17. O-O-O Rg8 18. Rde1 Bxf3 19. Bxf3 Qd7 20. Be4 Nxe4 21.
Rxe4 d5 22. Re2 d4 23. Bb4 Qd5 24. Rhe1 Bd6 25. Bxd6 cxd6 26. Re7 Qa2 27. Qb4
Qd5 28. R1e4 Rd7 29. Rxd7 Kxd7 30. Qxd4 Qxd4 31. Rxd4 Re8 32. Re4 Rxe4 33. dxe4
Ke6 34. Kd2 Ke5 35. Ke3 d5 36. exd5 Kxd5 37. Kd3 Ke5 38. Ke3 f5 39. c3 f4+ 40.
Kf3 b5 41. b3 a5 42. Ke2 Kd5 43. Kd3 Kc5 44. b4+ Kb6 45. c4 bxc4+ 46. Kxc4 a4
47. b5 f3 48. Kb4 Kc7 49. Kxa4 Kb6 50. Kb4 Kb7 51. Kc5 Kb8 52. a4 Ka7 53. a5 Kb7
54. a6+ Ka7 55. Kc6 Ka8 56. b6 Kb8 57. b7 Ka7 58. Kc7 Kxa6 59. b8=Q Ka5 60. Kc6
Ka4 61. Kc5 Ka3 62. Kc4 Ka2 63. Kc3 Ka1 64. Qb2# 1-0

[Event "Challenge"]
[Site "http://www.queenalice.com/game.php?id=492999"]
[Date "2008.11.14"]
[Round "-"]
[White "Erlend_Oye"]
[Black "crisvolei"]
[Result "1-0"]
[WhiteElo "1825"]
[BlackElo "1532"]

1. e4 e5 2. Nf3 Nf6 3. Nc3 Bc5 4. h3 d5 5. exd5 e4 6. Nh2 Bf5 7. Bb5+ c6 8. dxc6
bxc6 9. Bc4 Qd4 10. Qe2 O-O 11. O-O Nbd7 12. Qe3 Ne5 13. Qxd4 Bxd4 14. Bb3 c5
15. a3 a5 16. Nd5 Nxd5 17. Bxd5 Rad8 18. c4 g5 19. g4 Be6 20. Bxe6 fxe6 21. Rb1
Nd3 22. b3 Bxf2+ 23. Kh1 Nxc1 24. Rbxc1 Rxd2 25. Rcd1 e3 26. Rxd2 exd2 27. Rd1
Be3 28. Nf1 Rf2 29. Nxe3 e5 30. Nf1 e4 31. Kg1 Re2 32. Nxd2 Re3 33. Kf2 Rxh3 34.
Nxe4 Rxb3 35. Nxc5 Rxa3 36. Rd8+ Kf7 37. Rd7+ Kg6 38. Rd3 Ra2+ 39. Kf3 Rc2 40.
Ra3 Rxc4 41. Rxa5 Rf4+ 42. Kg3 h5 43. Ra6+ Kf7 44. gxh5 Rh4 45. h6 Rc4 46. Rc6
Kg8 47. Rc8+ Kh7 48. Rc6 Rd4 49. Ne6 Rd3+ 50. Kg4 Rd5 51. Nxg5+ Kg8 52. Rc8+ Rd8
53. Rxd8# 1-0

[Event "Challenge"]
[Site "http://www.queenalice.com/game.php?id=493055"]
[Date "2008.11.14"]
[Round "-"]
[White "Erlend_Oye"]
[Black "montelo"]
[Result "1-0"]
[WhiteElo "1754"]
[BlackElo "1674"]

1. e4 e5 2. Nf3 Nc6 3. Nc3 Nf6 4. Bc4 h6 5. a3 Bc5 6. h3 d5 7. exd5 Na5 8. Ba2
Qd6 9. b4 e4 10. bxc5 Qxc5 11. Ng1 Nc4 12. d6 cxd6 13. Nge2 Qg5 14. Bxc4 Qxg2
15. Rg1 Qxh3 16. d3 exd3 17. Qxd3 Qh2 18. Nb5 O-O 19. Bf4 Qh4 20. Nxd6 Ng4 21.
Bg3 Qf6 22. Rd1 Rd8 23. Qd5 Be6 24. Qxb7 Bxc4 25. Nxc4 Rxd1+ 26. Kxd1 Rd8+ 27.
Nd2 Qa1+ 28. Nc1 Qd4 29. Qb4 Nxf2+ 30. Bxf2 Qxf2 31. Re1 Qf3+ 32. Ne2 h5 33. Kc1
Qc6 34. Qe7 Rc8 35. Qe4 Qd6 36. Qb4 Qc6 37. Nd4 Qc7 38. N2b3 h4 39. Qe7 Qg3 40.
Rf1 Qxb3 41. Nxb3 1-0

[Event "Let's Play Chess!"]
[Site "http://www.queenalice.com/game.php?id=493660"]
[Date "2008.11.15"]
[Round "-"]
[White "Erlend_Oye"]
[Black "CampbellMarcel"]
[Result "1-0"]
[WhiteElo "1798"]
[BlackElo "1817"]

1. e4 Nc6 2. Nc3 e5 3. a3 Nf6 4. Nf3 Bc5 5. h3 Ne7 6. b4 Bb6 7. Nxe5 d6 8. Nf3
O-O 9. Bc4 Be6 10. Ba2 c5 11. b5 d5 12. exd5 Nfxd5 13. Nxd5 Nxd5 14. Bb2 Nf4 15.
Rg1 Bxa2 16. Rxa2 Re8+ 17. Kf1 Re2 18. Ra1 c4 19. d4 Qf6 20. Ne5 Ba5 21. Nf3 c3
22. Bc1 Rae8 23. Be3 R2xe3 24. fxe3 Nd5 25. Qd3 Rxe3 26. Qc4 Rxf3+ 27. gxf3
Qxf3+ 28. Ke1 Qe3+ 29. Kf1 Qxh3+ 30. Ke2 Nf4+ 31. Kf2 Bd8 32. Rg3 Bh4 33. Rg1
Bxg3+ 34. Rxg3 Qe6 35. Qxe6 fxe6 36. Rxc3 Nd5 37. Rc8+ Kf7 38. Ra8 h5 39. Rxa7
1-0

[Event "Revanche"]
[Site "http://www.queenalice.com/game.php?id=494191"]
[Date "2008.11.16"]
[Round "-"]
[White "Erlend_Oye"]
[Black "lcchaves13"]
[Result "1-0"]
[WhiteElo "1500"]
[BlackElo "1179"]

1. e4 e5 2. Nf3 Nc6 3. Nc3 Nf6 4. a3 Ng4 5. h3 Nh6 6. Bc4 a6 7. d3 b5 8. Ba2 f5
9. Bxh6 gxh6 10. exf5 d6 11. g4 Nd4 12. Nxd4 exd4 13. Ne2 c5 14. Bd5 Rb8 15. Nf4
b4 16. Ne6 Bxe6 17. Bxe6 bxa3 18. Rxa3 Ra8 19. Qa1 d5 20. Rxa6 Rxa6 21. Qxa6 Bd6
22. O-O c4 23. Re1 Bb4 24. Qb5+ Ke7 25. Qxb4+ Ke8 26. Bxd5+ Kd7 27. Qb7+ Kd6 28.
Qc6# 1-0

[Event "Challenge"]
[Site "http://www.queenalice.com/game.php?id=494264"]
[Date "2008.11.16"]
[Round "-"]
[White "Erlend_Oye"]
[Black "ulisses34"]
[Result "1-0"]
[WhiteElo "1540"]
[BlackElo "1783"]

1. e4 d6 2. d4 Nf6 3. Nc3 a6 4. h3 Nc6 5. Nf3 e6 6. a3 Be7 7. Bd3 h6 8. Bd2 Bd7
9. b4 Na7 10. O-O Nh7 11. Re1 Bb5 12. Bxb5+ axb5 13. Qe2 O-O 14. Nxb5 Qd7 15.
Nc3 b5 16. Reb1 Nc6 17. Qxb5 Rab8 18. Qe2 Rb7 19. b5 Na5 20. a4 Ra8 21. Qe1 Nc4
22. Bf4 Bf6 23. e5 dxe5 24. Bxe5 Bxe5 25. dxe5 Nb6 26. Ra2 Ra5 27. Rba1 Qe7 28.
Qe4 Raa7 29. Nd4 Ng5 30. Qe3 Qe8 31. Nc6 Ra8 32. Ne4 Nc4 33. Qd3 Na5 34. Nxa5
Rxa5 35. Nxg5 hxg5 36. Qd2 Ra8 37. Qxg5 Qd7 38. Qe3 Rbb8 39. Qd3 Qe7 40. Qe2 Qc5
41. Rb2 Qd4 42. c4 Qc3 43. g3 Rd8 44. Raa2 Qc1+ 45. Kg2 Qc3 46. Rc2 Qb4 47. Rcb2
Qc5 48. f4 Qa7 49. Rd2 Qb7+ 50. Kh2 Rdb8 51. Rd7 Rf8 52. c5 Qc8 53. c6 g6 54. h4
Kg7 55. a5 Rh8 56. a6 Rh5 57. Rad2 Qh8 58. Kg2 Rc8 59. Re7 Qf8 60. Rdd7 Kg8 61.
Rxc7 Rh7 62. b6 Rxc7 63. Rxc7 Qc5 64. b7 Qd5+ 65. Qf3 Qa2+ 66. Kh3 Kg7 67. b8=Q
Qxa6 68. Qb7 1-0

[Event "Challenge"]
[Site "http://www.queenalice.com/game.php?id=495366"]
[Date "2008.11.19"]
[Round "-"]
[White "Erlend_Oye"]
[Black "shady66"]
[Result "1-0"]
[WhiteElo "1784"]
[BlackElo "1603"]

1. e4 e5 2. Nf3 Nc6 3. Nc3 Nf6 4. a3 a6 5. Bc4 h6 6. d3 g5 7. h3 Bc5 8. Bd2 Qe7
9. b4 Bd4 10. Nxd4 Nxd4 11. Ne2 Nxe2 12. Qxe2 c6 13. Ba2 d6 14. c3 Be6 15. g4
Bxa2 16. Rxa2 Nd7 17. Ra1 f6 18. f3 b5 19. a4 O-O 20. a5 c5 21. Be3 cxb4 22.
cxb4 Rac8 23. O-O Rc7 24. Rac1 Rfc8 25. Rxc7 Rxc7 26. Rc1 Rxc1+ 27. Bxc1 Nb8 28.
Bb2 Nc6 29. Bc3 Kg7 30. Qe1 Qe6 31. Qa1 Qb3 32. Qe1 d5 33. exd5 Qxd5 34. Qe4 Qd6
35. Kg2 Nd8 36. Kg3 Ne6 37. Qb7+ Kg6 38. Qe4+ Kg7 39. Qb7+ Nc7 40. Qe4 Nd5 41.
Bd2 Qc6 42. h4 gxh4+ 43. Kxh4 Ne7 44. Qxc6 Nxc6 45. Bc3 Kg6 46. Kg3 h5 47. gxh5+
Kxh5 48. f4 Kg6 49. fxe5 Nxe5 50. Bxe5 fxe5 51. Kf3 Kf5 52. Ke3 Ke6 53. Ke4 Kd6
54. d4 exd4 55. Kxd4 Kc6 56. Ke5 Kd7 57. Kd5 Kc7 58. Kc5 Kb7 59. Kd6 Ka7 60. Kc6
Kb8 61. Kb6 Ka8 62. Kxa6 Kb8 63. Kxb5 Kb7 64. Kc5 Ka6 65. b5+ Kb7 66. a6+ Ka7
67. Kc6 Ka8 68. b6 Kb8 69. b7 Ka7 70. Kc7 Kxa6 71. b8=Q Ka5 72. Kc6 Ka4 73. Kc5
Ka3 74. Kc4 Ka2 75. Kc3 1-0

[Event "Challenge"]
[Site "http://www.queenalice.com/game.php?id=495973"]
[Date "2008.11.20"]
[Round "-"]
[White "CampbellMarcel"]
[Black "Erlend_Oye"]
[Result "1-0"]
[WhiteElo "1842"]
[BlackElo "1813"]

1. e4 e5 2. Nf3 Nc6 3. Bb5 a6 4. Ba4 Nf6 5. Nc3 b5 6. Bb3 h6 7. a4 Rb8 8. O-O d6
9. axb5 axb5 10. d3 Bg4 11. h3 Bh5 12. g4 Bg6 13. Nh2 Nd4 14. f4 Nxb3 15. cxb3
exf4 16. Bxf4 Nd7 17. Nf3 Be7 18. Nd5 Nf6 19. Nxe7 Qxe7 20. e5 dxe5 21. Nxe5
Qc5+ 22. d4 Qb6 23. Nxg6 fxg6 24. Re1+ Kf7 25. Be5 Rhe8 26. Kg2 Rbd8 27. Qc2 Rd7
28. Rf1 Qb7+ 29. Kh2 Re6 30. b4 g5 31. Rac1 Ree7 32. Qb3+ Qd5 33. Qxd5+ Rxd5 34.
Rc6 Rdd7 35. Bxf6 gxf6 36. Rfxf6+ Kg7 37. Rg6+ Kh7 38. Rxh6+ Kg7 39. Rcg6+ Kf7
40. Rxg5 Re2+ 41. Kg3 Rxb2 42. Rxb5 Rxd4 43. Rh7+ Ke6 44. Rxc7 Rb3+ 45. Kh4 Rdd3
46. Kg5 Rxh3 47. Rf5 Rxb4 48. Rf6+ Kd5 49. Rd7+ Kc5 50. Rc7+ Kd5 51. Rf4 Rb8 52.
Rg7 Rhh8 53. Rf5+ Ke6 54. Rg6+ Ke7 55. Re5+ Kd7 56. Kf5 Rhf8+ 57. Rf6 Rh8 58. g5
Kc7 59. Re7+ Kd8 60. Ref7 Kc8 61. Rf8+ Rxf8 62. Rxf8+ Kc7 63. Rxb8 Kxb8 64. g6
Kc8 65. g7 1-0

[Event "Challenge"]
[Site "http://www.queenalice.com/game.php?id=496162"]
[Date "2008.11.21"]
[Round "-"]
[White "Erlend_Oye"]
[Black "sunking"]
[Result "1-0"]
[WhiteElo "1876"]
[BlackElo "1664"]

1. e4 e5 2. Nf3 d5 3. exd5 e4 4. Nd4 f5 5. Nc3 c5 6. Nde2 Nf6 7. d3 c4 8. dxc4
Bb4 9. a3 Bxc3+ 10. Nxc3 Nbd7 11. Be2 Ng4 12. Bxg4 fxg4 13. Qxg4 Qe7 14. Qxe4
Nc5 15. Qxe7+ Kxe7 16. O-O Bf5 17. Re1+ Kd7 18. Be3 Ne4 19. Nxe4 Bxe4 20. Bd4
Rhe8 21. Bxg7 Re7 22. Bf6 Rae8 23. Bxe7 Rxe7 24. f3 Bxc2 25. Rxe7+ Kxe7 26. Re1+
Kd6 27. b4 b6 28. f4 h5 29. h4 Bd3 30. Rc1 Be4 31. g3 a6 32. Kf2 b5 33. Ke3 Bf5
34. Kd4 Bg4 35. c5+ Ke7 36. d6+ Kd8 37. c6 Bf3 38. c7+ Kd7 39. c8=Q+ Kxd6 40.
Qd8+ Ke6 41. Re1+ Kf5 42. Qg5# 1-0

[Event "Challenge"]
[Site "http://www.queenalice.com/game.php?id=496868"]
[Date "2008.11.22"]
[Round "-"]
[White "Erlend_Oye"]
[Black "stamm"]
[Result "1-0"]
[WhiteElo "1858"]
[BlackElo "1738"]

1. e4 e5 2. Nf3 d6 3. Nc3 Nf6 4. h3 Be7 5. Bc4 h6 6. d3 Nfd7 7. a3 O-O 8. Bd2
Nb6 9. Ba2 Nc6 10. Be3 Nd7 11. O-O a6 12. Nd5 Nf6 13. Nxe7+ Qxe7 14. b4 b5 15.
Qd2 Bb7 16. Rfc1 a5 17. c4 bxc4 18. Bxc4 axb4 19. axb4 Rxa1 20. Rxa1 Ra8 21.
Rxa8+ Bxa8 22. Qa2 Qf8 23. Bxf7+ Kh8 24. Nh4 1-0

[Event "Challenge"]
[Site "http://www.queenalice.com/game.php?id=497564"]
[Date "2008.11.24"]
[Round "-"]
[White "Erlend_Oye"]
[Black "grega"]
[Result "1-0"]
[WhiteElo "1885"]
[BlackElo "1833"]

1. e4 e5 2. Nf3 Nc6 3. Nc3 Nf6 4. Bc4 h6 5. a3 d6 6. h3 a6 7. d3 Be7 8. O-O O-O
9. Bd2 Nh5 10. Qc1 Bh4 11. Nxh4 Qxh4 12. Qd1 Nd4 13. Kh2 Nf4 14. Bxf4 Qxf4+ 15.
Kg1 Kh8 16. Ne2 Qg5 17. Kh2 f5 18. Nxd4 exd4 19. f4 Qg6 20. exf5 Rxf5 21. Bd5
Rxd5 22. Qf3 c6 23. Rae1 Be6 24. c4 dxc3 25. bxc3 Rxd3 26. Re3 Rd2 27. Rf2 Bd5
28. Qg3 Qxg3+ 29. Kxg3 Rd1 30. Rfe2 Bc4 31. Rb2 b5 32. Kh2 c5 33. Kg3 Rg8 34.
Kh2 Bd5 35. Kg3 Bb7 36. Kh2 d5 37. Kg3 h5 38. h4 d4 39. cxd4 cxd4 40. Re7 Bc8
41. Rbe2 Bg4 42. R2e5 d3 43. Rd5 Rc8 44. Rd6 d2 45. Re5 Rc3+ 46. Kh2 Rxa3 47.
Re8+ Kh7 48. Rdd8 Kg6 49. Rd6+ 1-0

[Event "Let's Play Chess!"]
[Site "http://www.queenalice.com/game.php?id=498136"]
[Date "2008.11.25"]
[Round "-"]
[White "anetta007"]
[Black "Erlend_Oye"]
[Result "0-1"]
[WhiteElo "1667"]
[BlackElo "1846"]

1. e4 e5 2. Nf3 Nc6 3. Nc3 Nf6 4. h3 a6 5. d4 exd4 6. Nxd4 Nxd4 7. Qxd4 c5 8.
Qe5+ Qe7 9. Qf4 g6 10. Bd2 Bg7 11. Bd3 O-O 12. O-O d6 13. Rfe1 Be6 14. e5 dxe5
15. Qxe5 Nh5 16. Qe2 Qd7 17. Ne4 Rac8 18. Ng5 Bf5 19. Bxf5 Qxf5 20. g4 Qxc2 21.
gxh5 Bxb2 22. Rad1 Rfe8 23. Qg4 Bd4 24. Rxe8+ Rxe8 25. hxg6 hxg6 26. Qd7 Qxd1+
0-1

[Event "Challenge"]
[Site "http://www.queenalice.com/game.php?id=498455"]
[Date "2008.11.26"]
[Round "-"]
[White "Erlend_Oye"]
[Black "charles31"]
[Result "1-0"]
[WhiteElo "1798"]
[BlackElo "1799"]

1. e4 e5 2. Nf3 d6 3. d4 exd4 4. Nxd4 h6 5. h3 Nf6 6. Nc3 Be6 7. Bd3 Qd7 8. Bd2
Nc6 9. Nxc6 bxc6 10. a3 Be7 11. b4 d5 12. exd5 cxd5 13. Rb1 d4 14. Ne4 O-O 15.
Nxf6+ Bxf6 16. Rc1 Qd5 17. O-O Bg5 18. c4 Qd8 19. Re1 Qf6 20. Bxg5 Qxg5 21. Qf3
Rfc8 22. c5 c6 23. Rc2 Bd5 24. Be4 d3 25. Qxd3 Re8 26. Rce2 Red8 27. Bxd5 cxd5
28. Re5 Qf6 29. Rxd5 Rxd5 30. Qxd5 Rd8 31. Qb3 Rd2 32. Qg3 Qf5 33. Qf3 Qxf3 34.
gxf3 Rd3 35. Re3 Rxe3 36. fxe3 Kf8 37. Kf2 Ke8 38. e4 Ke7 39. Ke3 Ke6 40. Kd4 f6
41. b5 g5 42. c6 Kd6 43. a4 h5 44. a5 h4 45. a6 Ke6 46. b6 1-0

[Event "Challenge"]
[Site "http://www.queenalice.com/game.php?id=499508"]
[Date "2008.11.28"]
[Round "-"]
[White "Erlend_Oye"]
[Black "Mars"]
[Result "1-0"]
[WhiteElo "1832"]
[BlackElo "1695"]

1. e4 e5 2. Nf3 d6 3. d4 Bg4 4. dxe5 Bxf3 5. Qxf3 dxe5 6. a3 Nf6 7. Nc3 Nc6 8.
Be3 a6 9. Bd3 b6 10. O-O Bc5 11. Rad1 Qe7 12. Ne2 Bxe3 13. Qxe3 O-O 14. h3 Rad8
15. Bxa6 Rxd1 16. Rxd1 Qe6 17. b3 Ne7 18. Bc4 Qc6 19. Ng3 b5 20. Bd3 Qd6 21. Qe2
Qxa3 22. Bxb5 c6 23. Bc4 Qa7 24. Nh5 Nxh5 25. Qxh5 g6 26. Qxe5 Qa2 27. Qxe7 Qxc2
28. Rd8 Rxd8 29. Qxf7+ 1-0

[Event "Challenge"]
[Site "http://www.queenalice.com/game.php?id=499548"]
[Date "2008.11.28"]
[Round "-"]
[White "Erlend_Oye"]
[Black "cachoremaggi"]
[Result "0-1"]
[WhiteElo "1900"]
[BlackElo "1678"]

1. e4 e6 2. d4 d5 3. exd5 exd5 4. Nf3 Nc6 5. Nc3 Nf6 6. Be2 Be7 7. O-O O-O 8.
Re1 Re8 9. a3 h6 10. h3 Be6 11. Be3 a6 12. b4 b5 13. Qc1 Bf8 14. Bf1 Bd6 15. Bd3
Ne7 16. Ne2 Rc8 17. Bf4 Bxf4 18. Nxf4 Bf5 19. Bxf5 Nxf5 20. Rxe8+ Nxe8 21. Qd2
c6 22. c3 Nfd6 23. Qe2 Nc4 24. Nd2 Nf6 25. Nxc4 bxc4 26. f3 Qe8 27. Re1 Qxe2 28.
Rxe2 g5 0-1